04291cam a22003978i 450000100090000000300090000900500170001800800410003502000180007604000370009404300210013108200240015210000360017624501430021226400720035530000450042733600260047233700280049833800270052650400520055350510290060552016670163460000260330165000450332765000390337265000530341165000470346465300230351165500380353470000280357270000480360090600450364894200120369399900170370595201710372222833630EG-ScBUE20240211133714.0221018s2023 ua o f b 001 0beng d a9781649031969 aDGU/DLCbengerdacDLCdEG-ScBUE af-ua---ae-uk---04a617.412092222bPEA1 aPearson, Simon,d1961-eauthor.12aA surgeon and a maverick :bthe life and pioneering work of Magdi Yacoub /cSimon Pearson and Fiona Gorman ; foreword by Dame Mary Archer. 1aCairo ;aNew York :bThe American University in Cairo Press,c2023. axviii, 412 pages :bphotographs ;c24 cm atextbtxt2rdacontent aunmediatedbn2rdamedia avolumebnc2rdacarrier aIncludes bibliographical references and index. 0 aPlymouth, Southwest England, 1983 -- Early Years -- Growing Ambitions --The Road Ahead -- Lord Brock -- Trial by Sherry -- The Man Who Dared -- New Horizons -- So Long, Marianne -- The American Way -- The France -- On the Shoulders of Giants -- A Promise Fulfilled -- Pushing Boundaries -- Magic Hands --- The Boy and the Baboon -- Legal Aid -- Give Them Sunshine -- An Unexpected Gift -- Enemies at the Gate -- The Tide Turns -- Through the Lens -- Lives Transformed -- Meanwhile, at Home . . . -- Heart-Lung Transplants -- A Question of Ethics -- Deliverance -- The Triumph of Science -- Held to Account -- The Domino -- Greek Odyssey -- Spreading the Word -- The Ross Procedure -- Signs of Success -- Chain of Hope -- Dr. Zhivago -- The Queen of Hearts -- The Generous American -- Peer Review -- The Reluctant Pensioner -- A Kindred Spirit -- Into Africa -- Good Morning Egypt -- The Girl with Two Hearts -- Taking the Podium -- Pain and Loss -- Haile's Story -- Universally Acknowledged -- Capital Investment-- Legacy. a"Veteran journalists Simon Pearson and Fiona Gorman follow Magdi Yacoub's remarkable life from his formative years in Egypt, through spectacular success at Cairo University, and his decision to pursue his career in Britain, where he challenged the medical establishment and was awarded the highest honor in the gift of the Queen, the Order of Merit. Written with unprecedented access and drawing on extensive interviews and research, the biography recounts how Yacoub transformed the treatment of children with congenital heart disease. He performed some of the first heart transplants in Britain and the first heart-lung transplants in Europe. At London's Harefield Hospital, he created the greatest heart transplant center in the world. Among his patients are men and women who are still thriving more than thirty-five years after he gave them new hope. This story is also about science, the development of new medical techniques, and a deeper understanding of how the human body works. Today, at an age when most people have long since retired, Yacoub is still pushing the boundaries of scientific understanding and surgical know-how. He is also taking heart surgery to places that until now have had little access to cardiac treatment, developing centers of excellence across Africa, including in Egypt, where his hospital in Aswan has an international reputation, and a new center is rising in Cairo. Yacoub's life is one of triumph and tragedy, success and failure, fierce criticism and high praise-it is also an enthralling journey through the worlds of scientific research and medical politics and ethics at the highest levels."--cProvided by publisher.17aYacoub, Magdi.2BUEsh 7aHeart surgeonszEgyptvBiography.2BUEsh 7aSurgeonszEgyptvBiography.2BUEsh 7aHeart surgeonszGreat BritainvBiography.2BUEsh 7aSurgeonszGreat BritainvBiography.2BUEsh cFebruary2024bGGEN 7aBiographies.2lcgftvReading book1 aGorman, Fiona,eauthor.1 aArcher, Dame Mary,eauthor of introduction. a7bcbccorignewd1eecipf20gy-gencatlg 2ddccBB c30654d30625 00102ddc40708AUCaMAINbMAINc1STd2024-02-11ePurchaseg600.00l1o617.412092 PEAp000057000q2025-11-20r2025-10-21 00:00:00s2025-10-21v750.00w2024-02-11yBB